000 00566nam a2200217 i 4500
001 C2-0289222
003 PPAK
005 20180728022103.0
008 080810s2008 my a|||| ||||| | zxx d
040 _aPPAK
_beng
_cPPAK
_erda
082 0 4 _a798.23
_223
090 0 0 _a798.23
_bROY
_dKK
245 0 0 _aRoyal Kedah International Ride 2008
264 1 _aKedah :
_c2008
300 _a11 pages :
_bcolour illustrations ;
_c30 cm
336 _2rdacontent
_atext
337 _2rdamedia
_aunmediated
338 _2rdacarrier
_avolume
650 1 0 _aRiding
942 _ddc
_cB
999 _c94710
_d94710